Music Quiz

Random Music Quiz
Score 0/23 Timer 10:00
0 Plays Today
Album Single % Correct
The JacksonsShow You the Way to Go
77.3%
The JacksonsEnjoy Yourself
77.3%
DestinyBlame It on the Boogie
77.3%
Goin' PlacesGoin' Places
72.7%
The JacksonsDreamer
63.6%
TriumphCan You Feel It
59.1%
TriumphLovely One
54.5%
TriumphThis Place Hotel
54.5%
VictoryTorture
54.5%
DestinyShake Your Body (Down to the Ground)
50%
DestinyDestiny
50%
VictoryState of Shock
50%
Album Single % Correct
TriumphWalk Right Now
40.9%
VictoryBody
40.9%
This Is ItThis Is It
40.9%
2300 Jackson Street2300 Jackson Street
36.4%
Goin' PlacesEven Though You're Gone
31.8%
Goin' PlacesFind Me a Girl
31.8%
Goin' PlacesDifferent Kind of Lady
27.3%
Goin' PlacesMusic's Taking Over
22.7%
2300 Jackson StreetArt of Madness
18.2%
2300 Jackson StreetNothin' (That Compares 2 U)
13.6%
VictoryTime Out For The Burglar
4.5%
Remove Ads.
Support Sporcle.
Get the best of Sporcle when you Go Orange. This ad-free experience offers more features, more stats, and more fun while also helping to support Sporcle. Thank you for becoming a member.

You're not logged in!

Compare scores with friends on all Sporcle quizzes.
OR
Log In

Show Comments

Extras

Created Dec 21, 2012ReportNominate
Tags:Michael Jackson

Top Quizzes Today


Score Distribution

Your Account Isn't Verified!

In order to create a playlist on Sporcle, you need to verify the email address you used during registration. Go to your Sporcle Settings to finish the process.

Report this User

Report this user for behavior that violates our Community Guidelines.

Details: